Statistics for Saudi Arabia First Level Subdivisions

Click here to take the quiz!

General Stats

  • This quiz has been taken 40 times
  • The average score is 7 of 13

Answer Stats

Manaţiq% Correct
Makkah / Mecca
100%
Riyadh
92%
Madinah / Medina
77%
Ha'il
62%
Northern Borders
62%
Eastern
54%
'Asir
46%
Jawf
46%
Tabuk
46%
Jizan
38%
Najran
38%
Qassim
38%
Bahah
31%

Score Distribution

Percentile by Number Answered

Percent of People with Each Score

Your Score History

You have not taken this quiz